Quick Pick: 'C' Athletes Quiz Stats

Quiz Updated Jul 2, 2016

Challenge
Share
Tweet
Embed
Score 0/10 Timer 01:00
7 Plays Today
% Correct
Miguel Cabrera
74.4%
Vince Carter
74.3%
Roberto Clemente
73.4%
Randall Cunningham
70.7%
Bob Cousy
70.4%
Wilt Chamberlain
69.7%
Paul Coffey
63.3%
Cris Carter
63.1%
Rod Carew
61.7%
Steve Carlton
57.1%

Today's Daily Dose

Missing Word
Jazz Songs 'C'

On This Day
January 18th

You're not logged in!

Compare scores with friends on all Sporcle quizzes.
Sign Up with Email
OR
Log In

You Might Also Like...

Show Comments

Extras

Top Quizzes Today


Score Distribution

Your Account Isn't Verified!

In order to create a playlist on Sporcle, you need to verify the email address you used during registration. Go to your Sporcle Settings to finish the process.